| 000 | 00772nam a22002057a 4500 | ||
|---|---|---|---|
| 999 |
_c16414 _d16414 |
||
| 003 | AR-CdUCM | ||
| 008 | 190225b ||||| |||| 00| 0 spa d | ||
| 040 |
_aMUNICIPALIDAD PROVINCIAL DEL CUSCO _cBIBLIOTECA MUNICIPAL DEL CUSCO |
||
| 082 |
_a521 / _bC85 |
||
| 100 |
_aCouderc, Paul. _935843 |
||
| 245 | _aLos eclipses / | ||
| 260 |
_bEudeba, _c1963. _aArgentina : |
||
| 300 |
_a63 paginas ; _c25 cm. |
||
| 440 |
_aCuadernos de Eudeba. _n89 _935844 |
||
| 505 | _aContenido :Nociones y descripciones preliminares -- Mecanismo y circunstancias de los eclipses -- Series largas de eclipses -- Mapa de eclipses de sol -- Interés cientÃfico de los eclipses ... | ||
| 650 |
_aSimbolismo. _912398 |
||
| 650 |
_aSiglo XX. _98 |
||
| 942 |
_2ddc _cLIBROS |
||
| 945 |
_arum _d2019-05-03 |
||